<?xml version="1.0" encoding="UTF-8"?>
<collection xmlns="http://www.loc.gov/MARC21/slim">
  <record>
    <leader>00000nam  2200000   4500</leader>
    <controlfield tag="001">INLIS000000000019081</controlfield>
    <controlfield tag="005">20250204015804</controlfield>
    <datafield tag="035" ind1="#" ind2="#">
      <subfield code="a">0010-0225000038</subfield>
    </datafield>
    <controlfield tag="007">ta</controlfield>
    <controlfield tag="008">250204################g##########0#ind##</controlfield>
    <datafield tag="020" ind1="#" ind2="#">
      <subfield code="a">979-442-130-8</subfield>
    </datafield>
    <datafield tag="082" ind1="#" ind2="#">
      <subfield code="a">658.402</subfield>
    </datafield>
    <datafield tag="084" ind1="#" ind2="#">
      <subfield code="a">658.402 TAY t</subfield>
    </datafield>
    <datafield tag="100" ind1=" " ind2="#">
      <subfield code="a">Taylor, Harold L.</subfield>
    </datafield>
    <datafield tag="245" ind1="1" ind2="#">
      <subfield code="a">Teknik Mendelegasikan Tugas dan Wewenang /</subfield>
      <subfield code="c">Harold L. Taylor</subfield>
    </datafield>
    <datafield tag="260" ind1="#" ind2="#">
      <subfield code="a">Jakarta :</subfield>
      <subfield code="b">PPM,</subfield>
      <subfield code="c">2002</subfield>
    </datafield>
    <datafield tag="300" ind1="#" ind2="#">
      <subfield code="a">vi, 109 hlm. :</subfield>
      <subfield code="b">ill. ;</subfield>
      <subfield code="c">20 cm</subfield>
    </datafield>
    <datafield tag="650" ind1="#" ind2="4">
      <subfield code="a">Delegasi</subfield>
    </datafield>
    <datafield tag="520" ind1="#" ind2="#">
      <subfield code="a">Manajer yang berhasil adalah manajer yang bisa mendelegasikan tugas dan wewenangnya. Namun, seni mendelegasikan yang efektif tidak begitu dipahami orang. Teknik mendelegasikan tugas dan wewenang menjelaskan berbagai prinsip dan cara mendelegasikan yang dapat menjadi sarana untuk tercapainya sasaran perusahaan dan cita-cita pribadi.&#13;
&#13;
Buku ini membantu anda untuk :&#13;
* Mengatur diri sendiri&#13;
* Siap melaksanakan delegasi&#13;
* Memutuskan pekerjaan yang dapat diserahkan kepada orang lain&#13;
* Bekerja dengan lebih efektif bersama para karyawan&#13;
* Mengembangkan anak buah dan memberikan motivasi kepada mereka&#13;
* Mengefektifkan tugas posisi anda saat ini</subfield>
    </datafield>
    <datafield tag="990" ind1="#" ind2="#">
      <subfield code="a">02117008</subfield>
    </datafield>
    <datafield tag="990" ind1="#" ind2="#">
      <subfield code="a">02117005</subfield>
    </datafield>
    <datafield tag="990" ind1="#" ind2="#">
      <subfield code="a">02117004</subfield>
    </datafield>
    <datafield tag="990" ind1="#" ind2="#">
      <subfield code="a">02117007</subfield>
    </datafield>
  </record>
</collection>
